Jurassic Park: Operation Geneis Dinosaurs - Sudden death - Statistics

General Stats
  • This quiz has been taken 86 times
  • The average score is 9 of 25
Answers on the Grid
Answers color-coded by a green-red scale on the quiz's grid according to % correct below.
Tyrannosaurus
Velociraptor
Spinosaurus
Diplodocus
Styracosaurus
Stegosaurus
Giganotosaurus
Baryonyx
Allosaurus
Triceratops
Apatosaurus
Brachiosaurus
Chasmosaurus
Compsognathus
Euoplocephalus
Homalocephale
Gallimimus
Carnotaurus
Ankylosaurus
Gorgosaurus
Carcharodontosaurus
Pteranodon
Kentrosaurus
Dimorphodon
Mosasaurus
Camarasaurus
Acrocanthosaurus
Parasaurolophus
Iguanodon
Albertosaurus
Dilophosaurus
Majungasaurus
Ceratosaurus
Mamenchisaurus
Corythosaurus
Edmontosaurus
Dryosaurus
Tuojiangosaurus
Pachycephalosaurus
Plesiosaurus
Ouranosaurus
Maiasaura
Deinonychus
Torosaurus
 
Answer Stats
Answer % Correct
Tyrannosaurus
96%
Velociraptor
85%
Spinosaurus
78%
Stegosaurus
56%
Allosaurus
48%
Triceratops
48%
Brachiosaurus
41%
Carcharodontosaurus
37%
Styracosaurus
37%
Gallimimus
33%
Acrocanthosaurus
30%
Albertosaurus
30%
Homalocephale
30%
Ankylosaurus
26%
Ceratosaurus
26%
Dilophosaurus
26%
Torosaurus
26%
Camarasaurus
22%
Corythosaurus
22%
Dryosaurus
22%
Kentrosaurus
22%
Ouranosaurus
22%
Pachycephalosaurus
22%
Parasaurolophus
22%
Edmontosaurus
19%
No matching quizzes found
Score Distribution
Percent of People with Each Score
Percentile by Number Answered
Your Score History
You have not taken this quiz